Documento base y exposición de motivos del Código de familia (Registro nro. 8653)
[ vista simple ]
| 000 -CABECERA | |
|---|---|
| Longitud fija campo de control | 00645cam a2200205 a 4500 |
| 001 - NÚMERO DE CONTROL | |
| Número de control | 13512420 |
| 003 - IDENTIFICADOR DELl NÚMERO DE CONTROL | |
| Identificador del número de control | OSt |
| 005 - FECHA Y HORA DE LA ÚLTIMA TRANSACCIÓN | |
| Fecha y hora de la última transacción | 20140402091010.0 |
| 008 - CÓDIGOS DE INFORMACIÓN DE LONGITUD FIJA | |
| Códigos de información de longitud fija | 040305s1994 slv spa |
| 040 ## - FUENTE DE LA CATALOGACIÓN | |
| Centro catalogador de origen | DLC |
| Centro transcriptor | BMC |
| Centro modificado | DLC |
| 082 ## - NÚMERO DE LA CLASIFICACIÓN DECIMAL DEWEY | |
| Númeroo de clasificación | 346.0157284 |
| 110 1# - PUNTO DE ACCESO PRINCIPAL-NOMBRE DE ENTIDAD CORPORATIVA | |
| 9 (RLIN) | 15018 |
| Nombre de entidad corporativa o nombre de jurisdicción como elemento inicial | El Salvador |
| Título de la obra | Leyes, etc., familiares |
| 245 10 - MENCIÓN DE TÍTULO | |
| Título | Documento base y exposición de motivos del Código de familia |
| 250 ## - MENCIÓN DE EDICIÓN | |
| Mención de edición | 1ª ed |
| 260 ## - PUBLICACIÓN, DISTRIBUCIÓN, ETC. (PIE DE IMPRENTA) | |
| Lugar de publicación, distribución, etc. | San Salvador |
| Nombre del editor, distribuidor, etc. | Comisión Coordinadora para el Sector de Justicia |
| Fecha de publicación, distribución, etc. | 1994 |
| 300 ## - DESCRIPCIÓN FÍSICA | |
| Extensión | 2 v. |
| Dimensiones | 23 cm |
| 610 14 - PUNTO DE ACCESO ADICIONAL DE MATERIA - NOMBRE DE ENTIDAD CORPORATIVA | |
| 9 (RLIN) | 16423 |
| Nombre de entidad corporativa o nombre de jurisdicción como elemento inicial | El Salvador |
| Título de la obra | Código de familia, 1993 |
| 650 24 - PUNTO DE ACCESO ADICIONAL DE MATERIA - TÉRMINO DE MATERIA | |
| Término de materia o nombre geográfico como elemento inicial | Derecho de familia |
| Subdivisión geográfica | El Salvador |
| 9 (RLIN) | 6814 |
| 942 ## - ENTRADA DE ELEMENTOS AGREGADOS (KOHA) | |
| Fuente de clasificaión o esquema | Dewey Decimal Classification |
| Koha [por defecto] tipo de item | 1- Monografias |
| Suprimido | Perdido | Fuente de clasificación o esquema | Estropeado | Restricciones de uso | No para préstamo | Código de colección | Localización permanente | Localización actual | Localización en estanter&íacute;as | Fecha adquisición | Fuente de adquisición | Número de inventario | Préstamos totales | Signatura completa | Código de barras | Fecha última consulta | Fecha último préstamo | Coste, precio reemplazado | Fecha del precio de reemplazo | Tipo de item de Koha |
|---|---|---|---|---|---|---|---|---|---|---|---|---|---|---|---|---|---|---|---|---|
| NULL | NULL | Dewey Decimal Classification | NULL | Prestable | NULL | NULL | Biblioteca Miguel de Cervantes - UNICAES | Biblioteca Miguel de Cervantes - UNICAES | Sala Principal | 14/11/1994 | Donación - UNICO | 013940 | 1 | 346.015 ELS doc (v. 1) | 1013940 | 20/04/2016 | 20/04/2016 | 18.00 | 31/03/2014 | 1- Monografias |
| NULL | NULL | Dewey Decimal Classification | NULL | Prestable | NULL | NULL | Biblioteca Miguel de Cervantes - UNICAES | Biblioteca Miguel de Cervantes - UNICAES | Sala Principal | 14/11/1994 | Donación - UNICO | 013941 | 346.015 ELS doc (v. 1) | 1013941 | 31/03/2014 | 18.00 | 31/03/2014 | 1- Monografias | ||
| NULL | NULL | Dewey Decimal Classification | NULL | Prestable | NULL | NULL | Biblioteca Miguel de Cervantes - UNICAES | Biblioteca Miguel de Cervantes - UNICAES | Sala Principal | 14/11/1994 | Donación - UNICO | 013942 | 1 | 346.015 ELS doc (v. 1) | 1013942 | 26/06/2018 | 05/06/2018 | 18.00 | 31/03/2014 | 1- Monografias |
| NULL | NULL | Dewey Decimal Classification | NULL | Prestable | NULL | NULL | Biblioteca Miguel de Cervantes - UNICAES | Biblioteca Miguel de Cervantes - UNICAES | Sala Principal | 14/11/1994 | Donación - UNICO | 013943 | 1 | 346.015 ELS doc (v. 2) | 1013943 | 28/04/2016 | 20/04/2016 | 18.00 | 31/03/2014 | 1- Monografias |
| NULL | NULL | Dewey Decimal Classification | NULL | Prestable | NULL | NULL | Biblioteca Miguel de Cervantes - UNICAES | Biblioteca Miguel de Cervantes - UNICAES | Sala Principal | 14/11/1994 | Donación - UNICO | 013944 | 1 | 346.015 ELS doc (v. 2) | 1013944 | 28/11/2016 | 24/11/2016 | 18.00 | 31/03/2014 | 1- Monografias |